Entrepreneurial management / Frederick U. Ybanez. (Record no. 21306)

000 -LEADER
fixed length control field 00522nam a22001697a 4500
020 ## - INTERNATIONAL STANDARD BOOK NUMBER
ISBN 9789719655473
082 ## - DEWEY DECIMAL CLASSIFICATION NUMBER
Classification number 658.421
Item number Y36 2024
100 ## - MAIN ENTRY--AUTHOR NAME
Personal name Ybanez, Frederick U., author.
245 ## - TITLE STATEMENT
Title Entrepreneurial management / Frederick U. Ybanez.
260 ## - PUBLICATION, DISTRIBUTION, ETC. (IMPRINT)
Place of publication Manila :
Name of publisher Mindshapers Co., Inc.,
Year of publication ©2024.
300 ## - PHYSICAL DESCRIPTION
Number of Pages ix, 148 pages :
Other physical details 23 cm
500 ## - GENERAL NOTE
General note Includes bibliographical references.
650 ## - SUBJECT ADDED ENTRY--TOPICAL TERM
Topical Term Entrepreneurship.
650 ## - SUBJECT ADDED ENTRY--TOPICAL TERM
Topical Term New business enterprises.
650 ## - SUBJECT ADDED ENTRY--TOPICAL TERM
Topical Term Small business -- Management.
942 ## - ADDED ENTRY ELEMENTS (KOHA)
Koha item type Books
Holdings
Source of acquisition Permanent Location Date acquired Koha item type Collection code Accession Number Lost status Shelving location Withdrawn status Current Location Full call number
SchoolCagayan State University - Carig Library2025-08-28BooksApplied Sciences011072 General Collection Cagayan State University - Carig Library658.421 Y36 2024
SchoolCagayan State University - Carig Library2025-08-28BooksApplied Sciences011073 General Collection Cagayan State University - Carig Library658.421 Y36 2024
SchoolCagayan State University - Carig Library2025-08-28BooksApplied Sciences011074 General Collection Cagayan State University - Carig Library658.421 Y36 2024

Cagayan State University University Library, Carig Campus
Tuguegarao City, Cagayan 3500 | www.csucarig.edu.ph

Powered by Koha